000
00323nam a22001457a 4500
008
210308b ||||| |||| 00| 0 eng d
020
_a
078173486X
041
_a
eng
080
_2
6th
_a
61
082
_a
61
100
_a
3
101
_a
SHM
245
_a
Principles of Ambulatory Medicine
_c
Barker, L.R
942
_2
udc
_c
BK
999
_c
55945
_d
55945